|
|
|
|
| LEADER |
00815nam a2200229 a 4500 |
| 001 |
GR-MES5196 |
| 008 |
991111s1997 gr 000 b eng d |
| 020 |
|
|
|a 0201835983
|
| 040 |
|
|
|a GrPaTEI
|b gre
|c GR-PaULI
|
| 245 |
0 |
0 |
|a Contempory engineering economics.
|
| 250 |
|
|
|a 4th
|
| 260 |
|
|
|a Harlow :
|b Addison-Wesley,
|c 1997
|
| 300 |
|
|
|a 803σ.
|
| 500 |
|
|
|a Περιλαμβάνει ευρετήριο.
|
| 650 |
|
4 |
|a Μηχανική
|
| 650 |
|
4 |
|a ΜΗΧΑΝΙΚΗ ΟΙΚΟΝΟΜΙΑ
|
| 650 |
|
4 |
|a Οικονομία
|
| 700 |
1 |
|
|a Park, C.
|
| 942 |
|
|
|2 ddc
|
| 952 |
|
|
|0 0
|1 0
|2 ddc
|4 0
|6 658_150000000000000_PAR
|7 0
|9 275766
|a MSLG
|b MSLG
|c BSC
|d 2021-01-17
|e 24
|f 0
|g 0.00
|l 0
|o 658.15 PAR
|p 2420000015008
|r 2021-01-17 00:00:00
|t 1
|w 2021-01-17
|y BK15
|x 19991111 0 1
|x GrPaTEI
|
| 971 |
|
|
|a .b25836638
|b 15-04-20
|c 14-09-16
|
| 999 |
|
|
|c 159826
|d 159826
|